| 000 | 01350cam a22003977a 4500 | ||
|---|---|---|---|
| 001 | 1870 | ||
| 003 | FISKH | ||
| 005 | 20231006104913.0 | ||
| 008 | 120615r20001998nyua b 000 1 eng | ||
| 010 | _a 2012392548 | ||
| 020 | _a9780689832840 | ||
| 040 |
_aDLC _cDLC _dDLC _beng |
||
| 042 |
_alcac _apcc |
||
| 050 | 0 | 0 |
_aPZ7.R982 _bHeag 2000 |
| 082 | _2813.6 | ||
| 100 | 1 | _aRylant, Cynthia. | |
| 245 | 1 | 0 |
_aHenry and Mudge and Annie's good move : _bthe eighteenth book of their adventures / _cstory by Cynthia Rylant ; pictures by Suçie Stevenson. |
| 250 | _a1st Aladdin Paperbacks ed. | ||
| 260 |
_aNew York : _bAladdin Paperbacks, _c2000. |
||
| 300 |
_a40 pages : _bcolor illustrations ; _c23 cm. |
||
| 490 | 0 | _aReady-to-read. Level two | |
| 490 | 0 |
_aHenry and Mudge books ; _v18 |
|
| 505 | _aJ | ||
| 520 | _aWhen Henry's cousin Annie prepares to move in next door, he and Mudge help calm her fears. | ||
| 521 | 8 |
_a470
_bLexile |
|
| 521 | 8 |
_aJ
_bRaz-Plus |
|
| 650 | 1 |
_aCousins _xFiction. |
|
| 650 | 1 |
_aDogs _xFiction. |
|
| 650 | 1 |
_aMoving, Household _xFiction. |
|
| 650 | 1 |
_aFear _xFiction. |
|
| 650 | 1 |
_aWishes _xFiction. |
|
| 700 | 1 |
_aStevenson, Suçie, _eillustrator |
|
| 906 |
_a7 _bcbc _corigcop _d2 _encip _f20 _gy-gencatlg |
||
| 942 |
_2ddc _cBK _n0 |
||
| 999 |
_c1870 _d1870 |
||